Catálogo
 En Linea

The Yale critics : (Registro nro. 16976)

Detalles MARC
000 -CABECERA
campo de control de longitud fija 01038cam a2200301 a 4500
001 - NÚMERO DE CONTROL
campo de control 000017451
005 - FECHA Y HORA DE LA ÚLTIMA TRANSACCIÓN
campo de control 20200929165122.0
008 - DATOS DE LONGITUD FIJA--INFORMACIÓN GENERAL
campo de control de longitud fija 830118s1983 mnu b s001 0 eng
020 ## - NÚMERO INTERNACIONAL ESTÁNDAR DEL LIBRO
Número Internacional Estándar del Libro 0816612064
035 ## - NÚMERO DE CONTROL DEL SISTEMA
Número de control de sistema (DLC) 83001127
040 ## - FUENTE DE LA CATALOGACIÓN
Centro catalogador/agencia de origen DO-SdBNP
Lengua de catalogación eng
Centro/agencia transcriptor DLC
Centro/agencia modificador DLC
-- OCoLC
-- BNPHU
050 00 - SIGNATURA TOPOGRÁFICA DE LA BIBLIOTECA DEL CONGRESO
Número de clasificación PN98.D43
Número de documento/Ítem Y34 1983
082 ## - NÚMERO DE LA CLASIFICACIÓN DECIMAL DEWEY
Número de clasificación NN
Número de documento/Ítem Y17d
049 ## - FONDOS LOCALES (OCLC)
Fondos de biblioteca BNGR
082 00 - NÚMERO DE LA CLASIFICACIÓN DECIMAL DEWEY
Número de clasificación 801.95/0973
Número de edición 19
245 04 - MENCIÓN DE TÍTULO
Título The Yale critics :
Resto del título deconstruction in America /
Mención de responsabilidad, etc. editores Jonathan Arac, Wlad Godzich, Wallace Martin.
260 ## - PUBLICACIÓN, DISTRIBUCIÓN, ETC.
Lugar de publicación, distribución, etc. Minneapolis :
Nombre del editor, distribuidor, etc. University of Minnesota Press,
Fecha de publicación, distribución, etc. c1983.
300 ## - DESCRIPCIÓN FÍSICA
Extensión xxxvii, 222 p. ;
Dimensiones 23 cm.
490 1# - MENCIÓN DE SERIE
Mención de serie Theory and history of literature
Designación de volumen o secuencia 6
504 ## - NOTA DE BIBLIOGRAFÍA, ETC.
Nota de bibliografía, etc. Incluye bibliografía: [201]-212 e índice.
650 #0 - PUNTO DE ACCESO ADICIONAL DE MATERIA--TÉRMINO DE MATERIA
Término de materia o nombre geográfico como elemento de entrada Deconstruction.
9 (RLIN) 38155
650 #0 - PUNTO DE ACCESO ADICIONAL DE MATERIA--TÉRMINO DE MATERIA
Término de materia o nombre geográfico como elemento de entrada Criticism
Subdivisión geográfica United States.
9 (RLIN) 38156
700 1# - PUNTO DE ACCESO ADICIONAL--NOMBRE DE PERSONA
Nombre de persona Arac, Jonathan,
Fechas asociadas al nombre 1945-
9 (RLIN) 38157
700 1# - PUNTO DE ACCESO ADICIONAL--NOMBRE DE PERSONA
Nombre de persona Godzich, Wlad.
9 (RLIN) 38158
700 1# - PUNTO DE ACCESO ADICIONAL--NOMBRE DE PERSONA
Nombre de persona Martin, Wallace.
9 (RLIN) 38159
830 #0 - PUNTO DE ACCESO ADICIONAL DE SERIE-TÍTULO UNIFORME
Título uniforme Theory and history of literature ;
Designación de volumen o secuencia 6
9 (RLIN) 38160
910 ## - DATOS DE OPCIÓN DEL USUARIO (OCLC)
Datos de opción del usuario Catalogación derivada
Existencias
Estado de retiro Estado de pérdida Restricciones de uso No para préstamo Código de colección Localización permanente Ubicación/localización actual Ubicación en estantería Fecha de adquisición Número de inventario Total de préstamos Signatura topográfica completa Código de barras Fecha visto por última vez Precio válido a partir de Tipo de ítem Koha
        Monografías: Libros y Folletos General General En catalogación 24.03.2010 LF1   NN 801.95/0973 Y17d 17451-10 25.06.2020 25.06.2020 Préstamo en sala

Con tecnología Koha